[Event "XtraCon-Skakligaen"]
[Site "Denmark"]
[Date "2012.01.29"]
[Round "6.4"]
[White "Nilsson, Sebastian"]
[Black "Kristensen, Kaare Hove"]
[Result "0-1"]
[WhiteElo "2362"]
[BlackElo "2296"]
[PlyCount "74"]
[EventDate "2011.10.29"]
[EventType "team-tourn"]
[EventRounds "9"]
[WhiteTeam "K41"]
[BlackTeam "Nordkalotten"]
[WhiteTeamCountry "DEN"]
[BlackTeamCountry "DEN"]

1. e4 c5 2. Nf3 Nc6 3. d4 cxd4 4. Nxd4 e5 5. Nb5 a6 6. Nd6+ Bxd6 7. Qxd6 Qf6 8.
Qxf6 Nxf6 9. Nc3 Nb4 10. Kd2 d6 11. a3 Nc6 12. Bd3 Be6 13. Rd1 O-O-O 14. Ke1 d5
15. exd5 Nxd5 16. Nxd5 Bxd5 17. f3 e4 18. Bxe4 Bxe4 19. Rxd8+ Rxd8 20. fxe4 Nd4
21. Rb1 Nxc2+ 22. Ke2 Nd4+ 23. Kf2 Re8 24. Ke3 Nb3 25. Kf3 f5 26. Be3 fxe4+ 27.
Kf4 Kc7 28. Rd1 Kc6 29. h4 b6 30. g4 Nc5 31. Bd4 Rf8+ 32. Ke5 Rd8 33. Rd2 Kb5
34. Rc2 e3 35. Bxe3 Re8+ 36. Kf4 Nd3+ 37. Kf3 Ne1+ 0-1

[Event "XtraCon-Skakligaen"]
[Site "Denmark"]
[Date "2012.01.29"]
[Round "6.5"]
[White "Pedersen, Daniel V"]
[Black "Schmidt, Kristen"]
[Result "0-1"]
[WhiteElo "2283"]
[BlackElo "2303"]
[PlyCount "64"]
[EventDate "2011.10.29"]
[EventType "team-tourn"]
[EventRounds "9"]
[WhiteTeam "Nordkalotten"]
[BlackTeam "K41"]
[WhiteTeamCountry "DEN"]
[BlackTeamCountry "DEN"]

1. e4 c5 2. c3 d6 3. d4 Nf6 4. Bd3 e5 5. Nf3 Nc6 6. dxe5 dxe5 7. Na3 Be7 8. Nc4
Bg4 9. h3 Bh5 10. g4 Bg6 11. Qe2 Qc7 12. Ne3 O-O-O 13. Nd2 Rhe8 14. h4 h6 15.
f3 a6 16. Ndf1 Kb8 17. h5 Bh7 18. Bc4 Bf8 19. Nd5 Nxd5 20. Bxd5 Rd7 21. Ne3 Bg8
22. Bd2 Bd6 23. O-O Ne7 24. Bb3 g6 25. Nd5 Nxd5 26. Bxd5 gxh5 27. gxh5 f5 28.
Bxg8 Rxg8+ 29. Kf2 c4 30. exf5 Qb6+ 31. Be3 Bc5 32. Rg1 Rxg1 0-1

[Event "XtraCon-Skakligaen"]
[Site "Denmark"]
[Date "2012.01.29"]
[Round "6.6"]
[White "Christensen, Bo Garner"]
[Black "Hove, Esben Kjems"]
[Result "1/2-1/2"]
[WhiteElo "2277"]
[BlackElo "2265"]
[PlyCount "132"]
[EventDate "2011.10.29"]
[EventType "team-tourn"]
[EventRounds "9"]
[WhiteTeam "K41"]
[BlackTeam "Nordkalotten"]
[WhiteTeamCountry "DEN"]
[BlackTeamCountry "DEN"]

1. e4 c6 2. c4 d5 3. cxd5 cxd5 4. exd5 Nf6 5. Qa4+ Nbd7 6. Nc3 g6 7. Qb3 Bg7 8.
Bc4 O-O 9. Nf3 a6 10. a4 b6 11. d3 Bb7 12. Be3 Qc7 13. h3 Nc5 14. Qd1 Rac8 15.
Rc1 Qb8 16. b4 Ncd7 17. O-O Ne8 18. Qb3 Qa8 19. Rfe1 Nd6 20. Bf4 b5 21. axb5
axb5 22. Ra1 bxc4 23. dxc4 Qb8 24. Rxe7 Rxc4 25. Qxc4 Nxc4 26. Bxb8 Rxb8 27.
Rxd7 Bxc3 28. Ra7 Bxd5 29. Rxd5 Bxb4 30. Ng5 Nd6 31. Ra6 h6 32. Nf3 Nf5 33. g4
Ne7 34. Rd7 Bc5 35. Rc7 Rb5 36. Kg2 Nd5 37. Rc8+ Kg7 38. Nd2 Bb6 39. Raa8 Rb4
40. Rg8+ Kf6 41. Rge8 Nf4+ 42. Kf3 Ne6 43. Rab8 Rf4+ 44. Ke2 Bxf2 45. Rb7 Bc5
46. Rc8 Ra4 47. Rc6 Bg1 48. Kf3 Ra3+ 49. Kg2 Bd4 50. Nc4 Ra2+ 51. Kg3 Bc5 52.
Rb5 Bg1 53. h4 Kg7 54. Rxe6 fxe6 55. Rb7+ Kf6 56. Kf3 Bc5 57. Rh7 Rc2 58. Na5
Bb6 59. Nb7 Rc3+ 60. Kg2 Rc7 61. Rxc7 Bxc7 62. Nc5 Ke5 63. Kf3 Bd8 64. h5 gxh5
65. gxh5 Kf5 66. Nxe6 Kxe6 1/2-1/2

[Event "XtraCon-Skakligaen"]
[Site "Denmark"]
[Date "2012.01.29"]
[Round "6.8"]
[White "Andreasen, Joan Hendrik"]
[Black "Ejsing, Esben"]
[Result "1/2-1/2"]
[WhiteElo "2256"]
[BlackElo "2092"]
[PlyCount "100"]
[EventDate "2011.10.29"]
[EventType "team-tourn"]
[EventRounds "9"]
[WhiteTeam "K41"]
[BlackTeam "Nordkalotten"]
[WhiteTeamCountry "DEN"]
[BlackTeamCountry "DEN"]

1. d4 Nf6 2. c4 c5 3. d5 e6 4. Nc3 exd5 5. cxd5 d6 6. Nf3 g6 7. Nd2 Bg7 8. e4
O-O 9. Be2 Nbd7 10. O-O a6 11. a4 Re8 12. f4 h5 13. h3 Rb8 14. Qc2 h4 15. Nc4
Nb6 16. Na3 Bd7 17. a5 Nc8 18. Nc4 Bb5 19. Bd2 Nh5 20. Nxb5 axb5 21. Bxh5 bxc4
22. Bf3 Bd4+ 23. Kh1 b5 24. e5 f5 25. exf6 Qxf6 26. Ra2 Ne7 27. Be4 Nf5 28.
Bxf5 gxf5 29. Bc3 Re4 30. a6 Qe7 31. Qd1 Qf7 32. a7 Ra8 33. Ra6 Rxa7 34. Rxd6
Rae7 35. Rh6 Re2 36. Bxd4 cxd4 37. d6 R7e4 38. Rxh4 d3 39. Kh2 R4e3 40. Rg1 Qg6
41. Kh1 Qxd6 42. Qa1 d2 43. Qa8+ Re8 44. Qf3 Qf6 45. Qd5+ Qf7 46. Rh8+ Kxh8 47.
Qxf7 Re1 48. Qh5+ Kg7 49. Qg5+ Kh8 50. Qf6+ Kg8 1/2-1/2

[Event "XtraCon-Skakligaen"]
[Site "Denmark"]
[Date "2012.01.29"]
[Round "6.1"]
[White "Danielsen, Henrik"]
[Black "Pedersen, Nicolai Vesterbaek"]
[Result "1/2-1/2"]
[WhiteElo "2543"]
[BlackElo "2460"]
[PlyCount "100"]
[EventDate "2011.10.29"]
[EventType "team-tourn"]
[EventRounds "9"]
[WhiteTeam "BMS"]
[BlackTeam "Skanderborg"]
[WhiteTeamCountry "DEN"]
[BlackTeamCountry "DEN"]

1. d4 Nf6 2. Bf4 d5 3. e3 c5 4. c3 Nc6 5. Nd2 cxd4 6. exd4 g6 7. Be2 Bg7 8.
Ngf3 Nh5 9. Be3 Qd6 10. O-O Nf4 11. Bb5 O-O 12. Re1 Nh5 13. a4 a6 14. Bf1 Nf6
15. Nb3 Bf5 16. Qc1 Ne4 17. a5 Qd8 18. Bh6 Rc8 19. Bxg7 Kxg7 20. Qe3 Rc7 21.
Nfd2 Nxd2 22. Qxd2 Rc8 23. f3 h5 24. Qf2 Rb8 25. Ra3 Qc7 26. h3 Rh8 27. Qh4
Rhe8 28. Qf2 Kg8 29. g4 hxg4 30. hxg4 Bc8 31. Qh2 e5 32. dxe5 Nxe5 33. Nd4 Kg7
34. g5 Bf5 35. Raa1 Re7 36. Re2 Rh8 37. Qg3 Bd3 38. Rf2 Bxf1 39. Raxf1 Nd3 40.
Qxc7 Rxc7 41. Rg2 Rh4 42. Rd1 Nf4 43. Rh2 Rh5 44. Rxh5 gxh5 45. Kf2 Kg6 46. Ke3
Ng2+ 47. Kf2 Nf4 48. Ke3 Ng2+ 49. Kf2 Nf4 50. Ke3 Ng2+ 1/2-1/2

[Event "XtraCon-Skakligaen"]
[Site "Denmark"]
[Date "2012.01.29"]
[Round "6.2"]
[White "Luch, Michal"]
[Black "Kristiansen, Jens"]
[Result "1-0"]
[WhiteElo "2433"]
[BlackElo "2439"]
[PlyCount "111"]
[EventDate "2011.10.29"]
[EventType "team-tourn"]
[EventRounds "9"]
[WhiteTeam "Skanderborg"]
[BlackTeam "BMS"]
[WhiteTeamCountry "DEN"]
[BlackTeamCountry "DEN"]

1. e4 Nf6 2. e5 Nd5 3. d4 d6 4. Nf3 g6 5. Be2 Bg7 6. O-O O-O 7. c4 Nb6 8. exd6
cxd6 9. Nc3 Bg4 10. h3 Bxf3 11. Bxf3 Nc6 12. c5 dxc5 13. dxc5 Nd7 14. Be3 Nde5
15. Be2 Qa5 16. a3 Rad8 17. Qc2 Nd4 18. Bxd4 Rxd4 19. b4 Qd8 20. Rad1 Nc6 21.
Bf3 Qb8 22. Nb5 Rdd8 23. Nc3 Qf4 24. Ne2 Qc7 25. Qe4 a6 26. g3 e6 27. a4 a5 28.
b5 Ne5 29. c6 bxc6 30. bxc6 Rd6 31. Rxd6 Nxf3+ 32. Qxf3 Qxd6 33. Rc1 Rc8 34.
Rc4 Qd1+ 35. Kg2 Be5 36. Nd4 Qxf3+ 37. Nxf3 Bd6 38. Nd4 Kf8 39. Nb5 Ke7 40. Na7
Rc7 41. Nb5 Rc8 42. f4 e5 43. Na7 Rc7 44. Nb5 Rc8 45. Rc2 Bc7 46. Nxc7 Rxc7 47.
fxe5 f6 48. exf6+ Kxf6 49. Kf3 Ke5 50. Kg4 h6 51. h4 Ke4 52. h5 g5 53. Re2+ Kd5
54. Kf5 Rxc6 55. Rd2+ Kc5 56. Rc2+ 1-0

[Event "XtraCon-Skakligaen"]
[Site "Denmark"]
[Date "2012.01.29"]
[Round "6.3"]
[White "Mikkelsen, Nikolaj"]
[Black "Andersen, Mads"]
[Result "1/2-1/2"]
[WhiteElo "2384"]
[BlackElo "2398"]
[PlyCount "40"]
[EventDate "2011.10.29"]
[EventType "team-tourn"]
[EventRounds "9"]
[WhiteTeam "BMS"]
[BlackTeam "Skanderborg"]
[WhiteTeamCountry "DEN"]
[BlackTeamCountry "DEN"]

1. e4 e5 2. Nf3 Nc6 3. Nc3 Nf6 4. g3 Bc5 5. Bg2 d6 6. d3 a6 7. Be3 Bxe3 8. fxe3
Be6 9. Qd2 h6 10. O-O-O Qe7 11. Nh4 g6 12. d4 Bg4 13. Rdf1 O-O 14. h3 Bc8 15.
Rf3 Nb8 16. Rhf1 Nbd7 17. Qf2 Kg7 18. g4 c6 19. Qg3 Nh7 20. R3f2 b5 1/2-1/2

[Event "XtraCon-Skakligaen"]
[Site "Denmark"]
[Date "2012.01.29"]
[Round "6.4"]
[White "Pedersen, Jan Rode"]
[Black "Akdag, Dara Sevkan"]
[Result "0-1"]
[WhiteElo "2204"]
[BlackElo "2218"]
[PlyCount "64"]
[EventDate "2011.10.29"]
[EventType "team-tourn"]
[EventRounds "9"]
[WhiteTeam "Skanderborg"]
[BlackTeam "BMS"]
[WhiteTeamCountry "DEN"]
[BlackTeamCountry "DEN"]

1. e4 c5 2. Nf3 d6 3. d4 cxd4 4. Nxd4 Nf6 5. Nc3 g6 6. Be2 Bg7 7. O-O O-O 8.
Be3 Nc6 9. Kh1 Bd7 10. f4 Rc8 11. Bg1 Na5 12. e5 Ne8 13. Nf3 Nc6 14. Qd2 dxe5
15. Rad1 Nd6 16. fxe5 Nxe5 17. Nxe5 Bxe5 18. Bxa7 Bf5 19. Qe3 Bg7 20. Nd5 e6
21. Nc3 Qc7 22. Bd4 Bxd4 23. Rxd4 Bxc2 24. Qd2 Nf5 25. Rd7 Rcd8 26. Rxd8 Rxd8
27. Qxc2 Ne3 28. Qc1 Nxf1 29. Qxf1 Qb6 30. b3 Qe3 31. Nd1 Qe5 32. Qf3 Rxd1+ 0-1

[Event "XtraCon-Skakligaen"]
[Site "Denmark"]
[Date "2012.01.29"]
[Round "6.5"]
[White "Nielsen, Thomas Bach"]
[Black "Clerico, Antonio"]
[Result "1-0"]
[WhiteElo "2219"]
[BlackElo "2134"]
[PlyCount "133"]
[EventDate "2011.10.29"]
[EventType "team-tourn"]
[EventRounds "9"]
[WhiteTeam "BMS"]
[BlackTeam "Skanderborg"]
[WhiteTeamCountry "DEN"]
[BlackTeamCountry "DEN"]

1. d4 Nf6 2. c4 c5 3. d5 b5 4. Nf3 g6 5. cxb5 a6 6. b6 Qxb6 7. Nc3 d6 8. e4
Nbd7 9. Be2 Bg7 10. O-O O-O 11. Nd2 a5 12. Nc4 Qb8 13. a4 Nb6 14. Na3 Ne8 15.
Bg5 f6 16. Bf4 Nc7 17. h4 Na6 18. h5 Nb4 19. hxg6 hxg6 20. Qd2 Nd7 21. Nab5 Ne5
22. Ra3 Nf7 23. Nd1 Bd7 24. Rg3 Nh8 25. Ndc3 Rf7 26. Be3 Qd8 27. f4 Bh6 28. e5
Bf5 29. e6 Rg7 30. Bg4 Bd3 31. Rc1 Qf8 32. Bf2 f5 33. Bf3 Rh7 34. Be3 Qf6 35.
Be2 Bxe2 36. Qxe2 Bg7 37. Rd1 Rh4 38. Na3 Bh6 39. Rf3 Kh7 40. Nc4 Rg4 41. Rh3
Rh4 42. Rxh4 Qxh4 43. Rf1 Kg8 44. Rf3 Bg7 45. Qd2 g5 46. Bf2 Bd4 47. Bxd4 cxd4
48. Qxd4 g4 49. Qf2 Qh6 50. Re3 Ng6 51. g3 Qg7 52. Re2 Nd3 53. Qb6 Nc5 54. Nxa5
Qd4+ 55. Kg2 Kg7 56. Qb5 Nxf4+ 57. gxf4 Qxf4 58. Rf2 Qg5 59. Qb4 Nd3 60. Qd4+
Ne5 61. Nc6 Qh6 62. Nxe5 Qh3+ 63. Kg1 Qg3+ 64. Kf1 Qxe5 65. Qd2 f4 66. Qe1 Rh8
67. Qxe5+ 1-0

[Event "XtraCon-Skakligaen"]
[Site "Denmark"]
[Date "2012.01.29"]
[Round "6.6"]
[White "Grove, Peter"]
[Black "Rostgaard, Tobias Valentin"]
[Result "0-1"]
[WhiteElo "2132"]
[BlackElo "2198"]
[PlyCount "56"]
[EventDate "2011.10.29"]
[EventType "team-tourn"]
[EventRounds "9"]
[WhiteTeam "Skanderborg"]
[BlackTeam "BMS"]
[WhiteTeamCountry "DEN"]
[BlackTeamCountry "DEN"]

1. e4 c5 2. Nc3 g6 3. Nf3 Nc6 4. d4 cxd4 5. Nxd4 Bg7 6. Be3 Nf6 7. Be2 O-O 8.
Qd2 d5 9. exd5 Nxd5 10. Nxd5 Qxd5 11. Bf3 Qc4 12. b3 Qa6 13. Nxc6 bxc6 14. Rd1
Bb7 15. c4 Qa3 16. O-O Rab8 17. Rfe1 c5 18. Bxb7 Rxb7 19. Qd5 Rc7 20. Bf4 e6
21. Qd6 Rcc8 22. Re2 Bf6 23. Bc1 Qa5 24. Qf4 Bd4 25. h4 Rfd8 26. Red2 e5 27.
Qg5 f6 28. Qh6 Qc7 0-1

[Event "XtraCon-Skakligaen"]
[Site "Denmark"]
[Date "2012.01.29"]
[Round "6.7"]
[White "Pedersen, Sven"]
[Black "Munk, Kai"]
[Result "1/2-1/2"]
[WhiteElo "2139"]
[BlackElo "2032"]
[PlyCount "48"]
[EventDate "2011.10.29"]
[EventType "team-tourn"]
[EventRounds "9"]
[WhiteTeam "BMS"]
[BlackTeam "Skanderborg"]
[WhiteTeamCountry "DEN"]
[BlackTeamCountry "DEN"]

1. e4 c5 2. Nf3 d6 3. d4 cxd4 4. Nxd4 Nf6 5. Nc3 a6 6. Be3 e5 7. Nb3 Be6 8. Qd2
Be7 9. f3 Nbd7 10. O-O-O Qc7 11. g4 h6 12. h4 Nb6 13. Rg1 O-O-O 14. g5 hxg5 15.
hxg5 Nfd7 16. Kb1 Rh5 17. Nd5 Bxd5 18. exd5 Rdh8 19. c4 Rh2 20. Qd3 Na4 21. Rd2
Rxd2 22. Qxd2 f5 23. gxf6 Bxf6 24. Bg5 Qb6 1/2-1/2

[Event "XtraCon-Skakligaen"]
[Site "Denmark"]
[Date "2012.01.29"]
[Round "6.1"]
[White "Rasmussen, Allan Stig"]
[Black "Hillarp Persson, Tiger"]
[Result "0-1"]
[WhiteElo "2541"]
[BlackElo "2535"]
[PlyCount "54"]
[EventDate "2011.10.29"]
[EventType "team-tourn"]
[EventRounds "9"]
[WhiteTeam "Jetsmark"]
[BlackTeam "Bronshoj"]
[WhiteTeamCountry "DEN"]
[BlackTeamCountry "DEN"]

1. e4 g6 2. d4 Bg7 3. Nc3 d6 4. Nge2 Nd7 5. h3 c5 6. Be3 b6 7. g4 a6 8. Bg2 Bb7
9. O-O h5 10. gxh5 Rxh5 11. f4 cxd4 12. Nxd4 Rh7 13. Qe2 Rc8 14. Rad1 Qc7 15.
Qf2 Qb8 16. f5 gxf5 17. Qxf5 Ngf6 18. Nd5 Rh5 19. Bg5 Ne5 20. h4 Rc5 21. Nxe7
Nh7 22. Ne6 Bf6 23. Nxc5 dxc5 24. Bf3 Nxf3+ 25. Qxf3 Nxg5 26. Qg4 Bxe7 27. Rf5
Rxh4 0-1

[Event "XtraCon-Skakligaen"]
[Site "Denmark"]
[Date "2012.01.29"]
[Round "6.2"]
[White "Bekker Jensen, Simon"]
[Black "Glud, Jakob Vang"]
[Result "1-0"]
[WhiteElo "2409"]
[BlackElo "2496"]
[PlyCount "55"]
[EventDate "2011.10.29"]
[EventType "team-tourn"]
[EventRounds "9"]
[WhiteTeam "Bronshoj"]
[BlackTeam "Jetsmark"]
[WhiteTeamCountry "DEN"]
[BlackTeamCountry "DEN"]

1. d4 Nf6 2. c4 e6 3. Nc3 Bb4 4. e3 b6 5. Nge2 Bb7 6. a3 Bd6 7. d5 O-O 8. g3 c6
9. Bg2 Qe7 10. O-O Na6 11. Nd4 Rfc8 12. Re1 cxd5 13. cxd5 Rab8 14. e4 Be5 15.
Ndb5 Ne8 16. Be3 Nd6 17. Nxd6 Qxd6 18. Nb5 Qf8 19. Nxa7 Re8 20. Rb1 exd5 21.
exd5 Nc7 22. Bxb6 Qd6 23. Bxc7 Qxc7 24. Nb5 Qc5 25. Nc3 Bxc3 26. bxc3 Qxc3 27.
Rxe8+ Rxe8 28. Rxb7 1-0

[Event "XtraCon-Skakligaen"]
[Site "Denmark"]
[Date "2012.01.29"]
[Round "6.3"]
[White "Pedersen, Christian Kyndel"]
[Black "Carstensen, Jacob"]
[Result "1-0"]
[WhiteElo "2416"]
[BlackElo "2372"]
[PlyCount "131"]
[EventDate "2011.10.29"]
[EventType "team-tourn"]
[EventRounds "9"]
[WhiteTeam "Jetsmark"]
[BlackTeam "Bronshoj"]
[WhiteTeamCountry "DEN"]
[BlackTeamCountry "DEN"]

1. e4 c5 2. Nf3 d6 3. d4 cxd4 4. Nxd4 Nf6 5. Nc3 a6 6. Bg5 e6 7. f4 h6 8. Bh4
Qb6 9. Bxf6 gxf6 10. Qd2 Nc6 11. Nb3 Bd7 12. O-O-O Na5 13. f5 O-O-O 14. Kb1 Kb8
15. Be2 Nxb3 16. axb3 h5 17. Rhf1 Be7 18. h4 Qa5 19. Bf3 Rh7 20. Qe2 Rdh8 21.
Rd4 Qe5 22. Rfd1 Bc6 23. Rc4 Rc8 24. Qf2 Bd8 25. Ne2 Ba5 26. b4 Bc7 27. Nc3 Bd7
28. Qe2 Qg3 29. Rh1 Rch8 30. Rd4 Qe5 31. Rhd1 Bc6 32. Rc4 Bd7 33. Rd2 Be8 34.
Qd3 Bd7 35. Rd4 Rd8 36. Qe2 Bc6 37. Bxh5 Qg3 38. Rc4 Ka7 39. fxe6 fxe6 40. Bg4
Re8 41. Rd3 Qh2 42. Qf2+ Bb6 43. Qxf6 Qxh4 44. Qf3 Qh2 45. g3 d5 46. exd5 exd5
47. Nxd5 Re1+ 48. Ka2 Qg1 49. Rxc6 bxc6 50. Qf5 Ra1+ 51. Kb3 Rb7 52. Nc3 Bd4
53. Ne2 Ra3+ 54. bxa3 Qb1+ 55. Kc4 Bb6 56. Nc3 Qxc2 57. Rd7 Qg2 58. Rxb7+ Kxb7
59. Bf3 Qxg3 60. Qd7+ Qc7 61. Bxc6+ Ka7 62. a4 Qxd7 63. Bxd7 Bg1 64. a5 Bh2 65.
Bc8 Bd6 66. Ne4 1-0

[Event "XtraCon-Skakligaen"]
[Site "Denmark"]
[Date "2012.01.29"]
[Round "6.4"]
[White "Bromann, Thorbjorn"]
[Black "Christensen, Stefan"]
[Result "0-1"]
[WhiteElo "2385"]
[BlackElo "2278"]
[PlyCount "138"]
[EventDate "2011.10.29"]
[EventType "team-tourn"]
[EventRounds "9"]
[WhiteTeam "Bronshoj"]
[BlackTeam "Jetsmark"]
[WhiteTeamCountry "DEN"]
[BlackTeamCountry "DEN"]

1. e4 e6 2. d4 d5 3. Nd2 c5 4. c3 cxd4 5. cxd4 dxe4 6. Nxe4 Nd7 7. Nf3 Ngf6 8.
Nc3 Be7 9. Bd3 O-O 10. O-O b6 11. Bf4 Bb7 12. Rc1 a6 13. a4 Nh5 14. Bd2 Nhf6
15. Bf4 Nh5 16. Be3 Nhf6 17. Bb1 Nd5 18. Qd3 N7f6 19. Ne4 g6 20. Bh6 Re8 21.
Ne5 Nxe4 22. Qxe4 Rb8 23. Qg4 Bf6 24. h4 Ne7 25. h5 Nf5 26. hxg6 hxg6 27. Bf4
Rc8 28. Rcd1 Bg7 29. Rfe1 Qe7 30. Qh3 Bd5 31. f3 Qb4 32. Kh2 Nxd4 33. Nxg6 fxg6
34. Bxg6 Nxf3+ 35. Kg3 Nxe1 36. Qh7+ Kf8 37. Bh6 Qd6+ 38. Kf2 Qe5 39. Rxe1 Qf6+
40. Kg1 Qd4+ 41. Be3 Qxb2 42. Qh2 Ke7 43. Bxe8 Kxe8 44. Qh5+ Ke7 45. Bg5+ Kd6
46. Bf4+ Kc6 47. Rc1+ Bc3 48. Qg6 Kb7 49. Be3 Qxc1+ 50. Bxc1 Bd4+ 51. Kf1 Rxc1+
52. Ke2 Rc7 53. g4 e5 54. g5 e4 55. Qf5 Bc6 56. g6 e3 57. Qd3 Rd7 58. Qb3 Bc5
59. Qc4 Rd2+ 60. Ke1 Rd7 61. Qg4 Rd4 62. Qh3 Rd7 63. Qg4 Bd4 64. a5 bxa5 65.
Qe6 a4 66. Qc4 Bb5 67. Qb4 Rc7 68. Qb1 Bc3+ 69. Kd1 e2+ 0-1

[Event "XtraCon-Skakligaen"]
[Site "Denmark"]
[Date "2012.01.29"]
[Round "6.5"]
[White "Baekgaard, Martin"]
[Black "Hoi, Carsten"]
[Result "1-0"]
[WhiteElo "2295"]
[BlackElo "2372"]
[PlyCount "91"]
[EventDate "2011.10.29"]
[EventType "team-tourn"]
[EventRounds "9"]
[WhiteTeam "Jetsmark"]
[BlackTeam "Bronshoj"]
[WhiteTeamCountry "DEN"]
[BlackTeamCountry "DEN"]

1. d4 Nf6 2. c4 d6 3. Nc3 e5 4. Nf3 Nc6 5. d5 Ne7 6. e4 Ng6 7. Be2 Be7 8. h4
Bg4 9. Be3 O-O 10. g3 c6 11. Nd2 Bxe2 12. Qxe2 Qd7 13. h5 Nh8 14. f3 h6 15.
O-O-O a6 16. g4 cxd5 17. Nxd5 Nxd5 18. cxd5 f6 19. Kb1 Nf7 20. Nc4 Bd8 21. Rc1
Rc8 22. Bd2 b5 23. Ne3 Bb6 24. Nf5 Kh7 25. Qd3 Rfd8 26. Rhd1 Qb7 27. Rxc8 Rxc8
28. Rc1 Rxc1+ 29. Kxc1 Ba7 30. Qc2 Qb6 31. Qc8 Qc5+ 32. Qxc5 Bxc5 33. Kc2 g6
34. hxg6+ Kxg6 35. Kd3 Kh7 36. b3 Kg6 37. Ne7+ Kh7 38. a4 Kg7 39. Nc6 Kg6 40.
Nb8 bxa4 41. bxa4 a5 42. Nc6 h5 43. Ne7+ Kh7 44. gxh5 Bb6 45. Nf5 Bc5 46. Kc4
1-0

[Event "XtraCon-Skakligaen"]
[Site "Denmark"]
[Date "2012.01.29"]
[Round "6.6"]
[White "Aabling Thomsen, Jakob"]
[Black "Wiwe, Andreas"]
[Result "1-0"]
[WhiteElo "2324"]
[BlackElo "2273"]
[PlyCount "95"]
[EventDate "2011.10.29"]
[EventType "team-tourn"]
[EventRounds "9"]
[WhiteTeam "Bronshoj"]
[BlackTeam "Jetsmark"]
[WhiteTeamCountry "DEN"]
[BlackTeamCountry "DEN"]

1. e4 c5 2. Nf3 d6 3. c3 Nf6 4. Bd3 Bg4 5. h3 Bxf3 6. Qxf3 Nc6 7. Bc2 e6 8. d3
Be7 9. O-O O-O 10. Qe2 d5 11. f4 Qc7 12. Nd2 b5 13. Nf3 Rac8 14. e5 Nd7 15. Kh1
a5 16. Be3 Rfd8 17. Rac1 Qb7 18. d4 cxd4 19. cxd4 g6 20. Nh2 Rc7 21. Qg4 Nb4
22. Bb1 Rxc1 23. Bxc1 Kh8 24. h4 Qc6 25. Be3 f5 26. Qh3 h5 27. g4 Nf8 28. gxh5
gxh5 29. Rg1 Qe8 30. Nf1 Qf7 31. Ng3 Nh7 32. a3 Nc6 33. Bd3 b4 34. Bb5 bxa3 35.
bxa3 Rc8 36. Be2 Bxa3 37. Bxh5 Qf8 38. Bg6 Ne7 39. Bxh7 Kxh7 40. Nh5 Kh8 41.
Nf6 Qf7 42. Rg5 Ng8 43. Rh5+ Qxh5 44. Nxh5 Nh6 45. Bd2 Be7 46. Qb3 Rg8 47. Bxa5
Bxh4 48. Nf6 1-0

[Event "XtraCon-Skakligaen"]
[Site "Denmark"]
[Date "2012.01.29"]
[Round "6.7"]
[White "Jensen, Bjarke"]
[Black "Holmsgaard, Henrik"]
[Result "1-0"]
[WhiteElo "2292"]
[BlackElo "2320"]
[PlyCount "109"]
[EventDate "2011.10.29"]
[EventType "team-tourn"]
[EventRounds "9"]
[WhiteTeam "Jetsmark"]
[BlackTeam "Bronshoj"]
[WhiteTeamCountry "DEN"]
[BlackTeamCountry "DEN"]

1. e4 c5 2. Nf3 Nc6 3. d4 cxd4 4. Nxd4 Nf6 5. Nc3 e5 6. Ndb5 d6 7. Bg5 a6 8.
Na3 b5 9. Bxf6 gxf6 10. Nd5 Bg7 11. Bd3 Ne7 12. Nxe7 Qxe7 13. O-O O-O 14. c3 f5
15. Nc2 d5 16. exf5 e4 17. Be2 Rd8 18. Nd4 Qc5 19. Qd2 Rd6 20. g4 Bd7 21. g5
Be5 22. f4 exf3 23. Rxf3 b4 24. Kh1 bxc3 25. bxc3 Rb6 26. Rg1 Re8 27. Bd1 Bxd4
28. cxd4 Qb4 29. Qf2 Qb2 30. Qh4 Re4 31. Qh5 Qxd4 32. g6 fxg6 33. fxg6 Rxg6 34.
Rgf1 Be6 35. Rf8+ Kg7 36. Qf3 Reg4 37. Rg8+ Kh6 38. Qf8+ Kg5 39. Qe7+ Kh6 40.
Qf8+ Kg5 41. Rxg6+ hxg6 42. Bxg4 Bxg4 43. Qe7+ Kh6 44. Qf8+ Kg5 45. Qe7+ Kh6
46. Qh4+ Kg7 47. Qf2 Qe4+ 48. Kg1 Bf5 49. Qf4 Qd3 50. Rc1 Qe2 51. Qd4+ Kg8 52.
Qxd5+ Kh7 53. Qd4 Bc2 54. Qh4+ Kg7 55. Re1 1-0

[Event "XtraCon-Skakligaen"]
[Site "Denmark"]
[Date "2012.01.29"]
[Round "6.8"]
[White "Vovk, Oksana"]
[Black "Rathlev, Jakob"]
[Result "1/2-1/2"]
[WhiteElo "2212"]
[BlackElo "2251"]
[PlyCount "40"]
[EventDate "2011.10.29"]
[EventType "team-tourn"]
[EventRounds "9"]
[WhiteTeam "Bronshoj"]
[BlackTeam "Jetsmark"]
[WhiteTeamCountry "DEN"]
[BlackTeamCountry "DEN"]

1. d4 e6 2. Nf3 f5 3. g3 Nf6 4. Bg2 d5 5. O-O Bd6 6. c4 c6 7. b3 Qe7 8. Bb2 O-O
9. Nbd2 b6 10. Ne5 Bb7 11. Ndf3 a5 12. a4 Na6 13. Rc1 Rac8 14. Nd3 Rfd8 15.
Nfe5 c5 16. cxd5 Nxd5 17. Nc4 cxd4 18. Nxd6 Qxd6 19. Bxd4 Rxc1 20. Qxc1 Nab4
1/2-1/2

[Event "XtraCon-Skakligaen"]
[Site "Denmark"]
[Date "2012.01.29"]
[Round "6.1"]
[White "Sorensen, Jan"]
[Black "Matthiesen, Arne"]
[Result "1-0"]
[WhiteElo "2426"]
[BlackElo "2316"]
[PlyCount "71"]
[EventDate "2011.10.29"]
[EventType "team-tourn"]
[EventRounds "9"]
[WhiteTeam "Aarhus/Skolerne"]
[BlackTeam "SK1968"]
[WhiteTeamCountry "DEN"]
[BlackTeamCountry "DEN"]

1. e4 c5 2. Nf3 Nc6 3. Bb5 g6 4. Bxc6 bxc6 5. O-O Bg7 6. Re1 Nh6 7. c3 O-O 8.
h3 d6 9. d4 cxd4 10. cxd4 f6 11. Nc3 Nf7 12. b3 Bd7 13. Bb2 Qa5 14. Rc1 Rfe8
15. Qd3 Rad8 16. Nd2 f5 17. Nc4 fxe4 18. Nxe4 Qa6 19. Qd1 c5 20. dxc5 d5 21.
Bxg7 Kxg7 22. c6 Bxh3 23. c7 dxe4 24. cxd8=Q Rxd8 25. Qc2 Bf5 26. Rcd1 Rf8 27.
Qc3+ Kg8 28. Ne3 Qe6 29. Rd5 Rc8 30. Qd4 Rc7 31. Rd1 h5 32. Rd8+ Kh7 33. Ra8 a6
34. Qd5 Qf6 35. Rf8 Kg7 36. Rxf7+ 1-0

[Event "XtraCon-Skakligaen"]
[Site "Denmark"]
[Date "2012.01.29"]
[Round "6.2"]
[White "Rewitz, Poul"]
[Black "Rasmussen, Karsten"]
[Result "1-0"]
[WhiteElo "2298"]
[BlackElo "2424"]
[PlyCount "77"]
[EventDate "2011.10.29"]
[EventType "team-tourn"]
[EventRounds "9"]
[WhiteTeam "SK1968"]
[BlackTeam "Aarhus/Skolerne"]
[WhiteTeamCountry "DEN"]
[BlackTeamCountry "DEN"]

1. e4 c5 2. b4 cxb4 3. a3 bxa3 4. Nxa3 d6 5. d4 Nf6 6. Bd3 Nc6 7. c3 g6 8. f4
Bg7 9. Nf3 O-O 10. O-O a6 11. h3 Rb8 12. Nc4 d5 13. exd5 Nxd5 14. Bd2 Bf5 15.
Bxf5 gxf5 16. Nce5 Qc7 17. Qe1 e6 18. g4 fxg4 19. hxg4 f6 20. Nd3 Rbe8 21. Qh4
Na5 22. Nc5 Nc4 23. Rae1 Nxd2 24. Nxd2 Nxf4 25. Nde4 e5 26. Ng3 Qc6 27. Qh2 Nd5
28. Nf5 Nxc3 29. Qc2 Nd5 30. Qb3 Rf7 31. Ne4 Bf8 32. g5 exd4 33. gxf6 Nc3 34.
Ng5 Qd7 35. Ne7+ Rexe7 36. fxe7 Qg4+ 37. Kh2 Qh5+ 38. Nh3 Bxe7 39. Rxe7 1-0

[Event "XtraCon-Skakligaen"]
[Site "Denmark"]
[Date "2012.01.29"]
[Round "6.3"]
[White "Skytte, Rasmus"]
[Black "Matthiesen, Martin"]
[Result "0-1"]
[WhiteElo "2388"]
[BlackElo "2277"]
[PlyCount "70"]
[EventDate "2011.10.29"]
[EventType "team-tourn"]
[EventRounds "9"]
[WhiteTeam "Aarhus/Skolerne"]
[BlackTeam "SK1968"]
[WhiteTeamCountry "DEN"]
[BlackTeamCountry "DEN"]

1. e4 e5 2. Nf3 Nc6 3. Bc4 Bc5 4. d3 Nf6 5. c3 a6 6. h3 d6 7. Bb3 Ba7 8. Nbd2
O-O 9. Nf1 Be6 10. Bc2 d5 11. Qe2 h6 12. Ng3 b5 13. Nh4 Ne7 14. Qf3 Ne8 15. O-O
Nd6 16. Bb3 c6 17. Rd1 f6 18. d4 exd4 19. cxd4 Qd7 20. Bf4 Nxe4 21. Nxe4 dxe4
22. Qxe4 Bxb3 23. axb3 f5 24. Qd3 g5 25. Qg3 Kf7 26. Be5 gxh4 27. Qg7+ Ke8 28.
Rxa6 Qe6 29. Rda1 Rg8 30. Qh7 Qd5 31. g4 fxg4 32. Bf6 gxh3+ 33. Kf1 Rg1+ 34.
Ke2 Qe6+ 35. Kd3 Rxa1 0-1